Responses for show #7593 - Wednesday, September 20, 2017

Contestants

Julie Roth, a community college English professor from Odessa, Texas

Justin Torello, a pharmaceutical research associate from Monroe, New York

Betsy Knudson, an attorney from Salt Lake City, Utah (whose 1-day cash winnings total $29,200)

Jeopardy! Round responses

FOND MEME-ORIES
BUSH I & II CABINET MEMBERS
THE NEXT STATE CAPITAL ALPHABETICALLY
GO FOR THE THROAT
ART SUPPLIES
THE "EX" FACTOR
    $200 16
the mannequin challenge

Justin
    $200 26
Cheney

Betsy
    $200 21
Columbus

Betsy
    $200 9
Snow White

Betsy
    $200 6
(Justin: What is slate?)

canvas

JustinJulie
    $200 1
the expiration date

Justin
    $400 17
Michael Jordan

Justin
    $400 27
(Alex: Less than a minute.)

(Condoleezza) Rice

Justin
    $400 22
Montpelier

Julie
    $400 10
a hummingbird

Julie
    $400 7
marble

Julie
    $400 2
an extracurricular

Julie
    $600 18
hugging a tree

Triple Stumper
    $1,000 28
(Justin: I don't know.)

Elizabeth Dole

Justin
    $600 23
Des Moines

Triple Stumper
    $600 11
cutthroat

Triple Stumper
    $600 8
acetone

Justin
    $600 3
Expedia

Betsy
    $800 19
Kylo Ren

Justin
    $800 29
[The end-of-round signal sounds.]

Donald Rumsfeld

Julie
    $800 24
(Julie: What is Alberta?)
(Justin: What is Anchorage?)

Annapolis

JustinJulie
Triple Stumper
    $800 12
gargoyles

Betsy
    $800 14
acrylic paints

Triple Stumper
    $800 4
exemplary

Julie
    $1000 20
twerking

Triple Stumper
    $1000 25
Trenton

Triple Stumper
    $1000 13
tonsils

Betsy
    $1000 15
a batik

Julie
    $1000 5
existentialism

Julie

Scores at the first commercial break (after clue 15):

Betsy Justin Julie
$2,600 $600 $4,200

Scores at the end of the Jeopardy! Round:

Betsy Justin Julie
$3,000 $600 $4,600

Double Jeopardy! Round responses

LET'S HEAR IT FOR WEDNESDAY
MARINE BIOLOGY
BRITISH PLAYWRIGHTS
RAP MUSIC GRAMMYS
WORDS OF OPPOSITION
EUROPE "N"
    $400 4
hump day

Justin
    $400 1
a manta ray

Betsy
    $400 9
Christopher Marlowe

Julie
    $400 19
Dr. Dre

Justin
    $400 20
contrary

Justin
    $400 14
NATO

Julie
    $800 5
meetings

Julie
    $800 2
a red tide

Justin
    $800 10
Noel Coward

Betsy
    $800 27
the Black Eyed Peas

Julie
    $800 21
contrast

Betsy
    $800 15
nada

Betsy
    $1200 6
Ash Wednesday

Justin
    $1200 3
the Sargasso Sea

Triple Stumper
    $1200 11
Mrs. Malaprop

Triple Stumper
    $1200 28
Justin Timberlake

Justin
    $1200 22
a reverse

Justin
    $1200 16
Nero

Julie
    $1,500 7
(Alex: The night before Thanksgiving.)

November

Justin
    $1,600 25
(Alex: With less than a minute to go.)

the liver

Betsy
    $1600 12
(Alex: Of [*] and Sullivan.)

Gilbert

Triple Stumper
    $1600 29
[The end-of-round signal sounds.]

Kanye West

Julie
    $1600 23
antithesis

Betsy
    $1600 17
Nestle

Julie
    $2000 8
(Betsy: What is sorrow?)

woe

Betsy
Triple Stumper
    $2000 26
the abalone

Triple Stumper
    $2000 13
Harold Pinter

Triple Stumper
    $2000 24
(Julie: Antimeridian? Oh. What is antimeridian?)

antipodal

Julie
Triple Stumper
    $2000 18
(Alex: The other side being Greek, and we're talking about [*].)

Nicosia

Triple Stumper

Scores at the end of the Double Jeopardy! Round:

Betsy Justin Julie
$7,000 $7,700 $9,400

[wagering suggestions for these scores]

Final Jeopardy! Round responses

U.S. POSTAL ABBREVIATIONS
(Alex: [To Betsy] Didn't want to get it confused with New Brunswick.)
BetsyWhat is Nebraska?
$2,401
JustinWhat is
$1,000
JulieWhat is ?
$6,000
Nebraska

Final scores:

Betsy Justin Julie
$9,401 $6,700 $3,400
2-day champion: $38,601 2nd place: $2,000 3rd place: $1,000

Game dynamics:

Coryat scores:

Betsy Justin Julie
$7,000 $8,800 $9,400
12 R
(including 1 DD),
1 W
14 R
(including 1 DD),
3 W
(including 1 DD)
16 R,
2 W

Combined Coryat: $25,200

The J! Archive is created by fans, for fans. The Jeopardy! game show and all elements thereof, including but not limited to copyright and trademark thereto, are the property of Jeopardy Productions, Inc. and are protected under law. This website is not affiliated with, sponsored by, or operated by Jeopardy Productions, Inc. Join the discussion at JBoard.tv.